ABC Algol : A portable language for formula manipulation systems /

Saved in:
Bibliografiske detaljer
Hovedforfatter: Riet, R. P. van de
Format: Bog
Sprog:English
Udgivet: Amsterdam : Mathematisch Centrum, 1973.
Serier:Mathematical Centre tracts ; 46-47.
Fag:
LEADER 01279cam a2200301 4500
001 c000186735
003 CARM
005 20051027142335.0
008 740503s1973 ne b 000 0 eng
019 1 |a 40226790  |5 LACONCORD2021 
035 |a (OCoLC)903573  |5 LACONCORD2021 
040 |a VCAV  |b eng  |c VCAV 
082 0 0 |a 001.6/424  |2 19 
100 1 |a Riet, R. P. van de. 
245 1 0 |a ABC Algol :  |b A portable language for formula manipulation systems /  |c [By] R. P. van de Riet. 
260 |a Amsterdam :  |b Mathematisch Centrum,  |c 1973. 
300 |a 2 v. : ;  |c 24 cm. 
490 1 |a Mathematical Centre tracts  |v 46-47 
504 |a Includes bibliographical references. 
505 0 |a pt. 1. The language--pt. 2. The compiler. 
650 0 |a ALGOL (Computer program language) 
650 0 |a Compiling (Electronic computers) 
830 0 |a Mathematical Centre tracts ;  |v 46-47. 
852 8 |b CARM  |h A2:AQ08B0  |i C07769  |p 0261606  |f BK 
852 8 |b CARM  |h A2:AQ08B0  |i C07769  |p 0261607  |f BK 
999 f f |i 34c460ce-2416-5715-a1b9-e67f951a5439  |s 578145b3-ee35-50fe-8efd-22a5363e09ae 
952 f f |p Can circulate  |a CAVAL  |b CAVAL  |c CAVAL  |d CARM 1 Store  |e C07769  |f A2:AQ08B0  |h Other scheme  |i book  |j v.46  |m 0261606 
952 f f |p Can circulate  |a CAVAL  |b CAVAL  |c CAVAL  |d CARM 1 Store  |e C07769  |f A2:AQ08B0  |h Other scheme  |i book  |j v.47  |m 0261607